000 00514nam a2200181Ia 4500
008 131103s9999 xx 000 0 und d
020 _a706233328
040 _aLoreto College
041 _aEnglish
082 _a371.9/PET
_bLCBED/1434
100 _aPetrie, Cairine
245 _aBackward and maladjusted children in secondary schools
_cCairine Petrie
260 _aLondon
_bMWard lock
_c1972
300 _a128p.
_c 22cm.
504 _aIncludes index
650 _aEducation - Secondary Schools
942 _cBK
999 _c26057
_d76536